000 004210000a22001570004500
090 _aAR
_b01111
245 1 0 _aEffects of ecological conditions on wood anatomy
650 1 4 _aFisiología
_915628
650 1 4 _aCrecimiento vegetal
_993745
650 1 4 _aAnatomía vegetal
_954863
650 1 4 _aMadera
_994347
041 0 _aInglés
100 1 _aChalk, L.
_994348
942 _cARTICULO
773 1 _tEcology
_357
_q152-156
_d1981?
999 _c10197
_d10197